| 000 | 00746nam a22002297a 4500 | ||
|---|---|---|---|
| 005 | 19970904051429.3 | ||
| 008 | 970904m19271929ii a 001 0aeng | ||
| 010 | _aENG-95711 | ||
| 020 |
_a9788184950311 _c195.00 |
||
| 035 | _aEN-79244 | ||
| 037 | _aDBAD/PUB | ||
| 040 | _aDPL | ||
| 082 | _aS | ||
| 100 | _aTolstoy, Leo | ||
| 245 | _aThe greatest short stories of Leo Tolstoy / | ||
| 260 |
_aMumbai _bJaico Publishing House, _c2009 |
||
| 270 |
_aA-2, Jash chambers, Fort _bMumbai _e400001 |
||
| 300 |
_aviii,376p. _c22 cm.(Pbk) |
||
| 942 |
_2ddc _cEN _mTOL _hS |
||
| 999 |
_c33399 _d33399 |
||